[Event "Tata Steel-A 80th"]
[Site "Wijk aan Zee"]
[Date "2018.01.15"]
[Round "3"]
[White "Carlsen, Magnus"]
[Black "Wei, Yi"]
[Result "1/2-1/2"]
[WhiteElo "2834"]
[BlackElo "2743"]
[PlyCount "92"]
[EventDate "2018.01.13"]
[EventType "tourn"]
[EventRounds "13"]
[EventCountry "NED"]
[EventCategory "20"]
[SourceTitle "CBM 183"]
[Source "ChessBase"]
[SourceDate "2018.03.14"]
[SourceVersion "1"]
[SourceVersionDate "2018.03.14"]
[SourceQuality "1"]
[TimeControl "40/6000+30:20/3000+30:900+30"]

1. d4 {[%emt 0:00:00]} Nf6 {[%emt 0:00:16]} 2. c4 {[%emt 0:00:50]} e6 {[%emt 0:00:15]} 3. g3 {[%emt 0:00:48]} d5 {[%emt 0:00:25]} 4. Bg2 {[%emt 0:00:07]} Be7 {[%emt 0:00:33]} 5. Nf3 {[%emt 0:00:11]} O-O {[%emt 0:00:18]} 6. Qc2 {[%emt 0:00:16]} c5 {[%emt 0:01:18]} 7. O-O {[%emt 0:00:27]} cxd4 {[%emt 0:09:56]} 8. Nxd4 {[%emt 0:00:27]} Na6 {[%emt 0:00:12]} 9. cxd5 {[%emt 0:08:56]} Nb4 {[%emt 0:00:19]} 10. Qb3 {[%emt 0:02:10]} e5 {[%emt 0:00:58]} 11. Nb5 {[%emt 0:06:17]} Nbxd5 {[%emt 0:00:27]} 12. N1c3 {[%emt 0:02:42]} Be6 {[%emt 0:02:21]} 13. Nxd5 {[%emt 0:00:20]} Bxd5 {[%emt 0:00:33]} 14. Bxd5 {[%emt 0:00:12]} Qxd5 {[%emt 0:00:06]} 15. Bg5 {[%emt 0:00:21]} Qxb3 {[%emt 0:15:51]} 16. axb3 {[%emt 0:00:02]} a6 {[%emt 0:00:22]} 17. Nc3 {[%emt 0:00:38]} h6 $146 {[%emt 0:02:44]} ({RR} 17... Rac8 18. Rfd1 Rfd8 19. Rxd8+ Bxd8 20. Rd1 Kf8 21. Bxf6 Bxf6 22. Rd7 Rb8 23. Kg2 Ke8 24. Rd3 Rd8 25. Nd5 Rd6 26. e4 Bd8 27. Kf3 Bb6 28. Rc3 Kd8 29. Ke2 Bd4 30. Rc2 Rc6 31. Rxc6 bxc6 32. Nb4 {Artemiev,V (2669)-Lysyj,I (2668) Sochi 2016 ½-½ (40)}) 18. Bxf6 {[%emt 0:00:16]} Bxf6 {[%emt 0:00:08]} 19. Nd5 {[%emt 0:01:24]} Rac8 {[%emt 0:01:28]} 20. Rac1 {[%emt 0:02:14]} e4 {[%emt 0:08:15]} 21. Rc4 {[%emt 0:00:59]} Rxc4 {[%emt 0:03:47]} 22. bxc4 {[%emt 0:00:01]} Bxb2 {[%emt 0:08:30]} 23. Rb1 {[%emt 0:00:10]} Ba3 {[%emt 0:00:04]} 24. Rxb7 {[%emt 0:00:14]} Rc8 {[%emt 0:00:12]} 25. Ra7 {[%emt 0:02:45]} Rxc4 {[%emt 0:04:35]} 26. Rxa6 {[%emt 0:00:08]} Bf8 {[%emt 0:05:13]} 27. Ra8 {[%emt 0:05:36]} g6 {[%emt 0:00:05]} 28. e3 {[%emt 0:00:44]} Kg7 {[%emt 0:00:39]} 29. Kg2 {[%emt 0:01:00]} h5 {[%emt 0:00:46]} 30. h3 {[%emt 0:00:36]} Bd6 {[%emt 0:03:06]} 31. Rd8 {[%emt 0:03:26]} Be5 {[%emt 0:00:25]} 32. Re8 {[%emt 0:01:12]} Bd6 {[%emt 0:00:06]} 33. Rd8 {[%emt 0:00:40]} Be5 {[%emt 0:00:06]} 34. g4 {[%emt 0:00:57]} hxg4 {[%emt 0:00:14]} 35. hxg4 {[%emt 0:00:03]} Rc5 {[%emt 0:07:13]} 36. g5 {[%emt 0:00:48]} Rb5 {[%emt 0:01:08]} 37. Kh3 {[%emt 0:00:29]} Rc5 {[%emt 0:00:45]} 38. Ne7 {[%emt 0:01:02]} Rc2 {[%emt 0:06:06]} 39. Kg2 {[%emt 0:00:32]} Rc7 {[%emt 0:00:10]} 40. Rg8+ {[%emt 0:00:00]} Kh7 {[%emt 0:00:04]} 41. Re8 {[%emt 0:00:47]} Rc5 {[%emt 0:00:07]} 42. Rc8 {[%emt 0:01:17]} Rb5 {[%emt 0:02:27]} 43. Rf8 {[%emt 0:01:06]} Kg7 {[%emt 0:00:11]} 44. Rg8+ {[%emt 0:00:08]} Kh7 {[%emt 0:00:04]} 45. Rf8 {[%emt 0:00:12]} Kg7 {[%emt 0:00:06]} 46. Rg8+ {[%emt 0:00:13]} Kh7 {[%emt 0:00:05]} 1/2-1/2

[Event "EU-Cup 37th"]
[Site "Mayrhofen"]
[Date "2022.10.03"]
[Round "1.7"]
[White "Meskovs, Nikita"]
[Black "Carlsen, Magnus"]
[Result "1/2-1/2"]
[WhiteElo "2566"]
[BlackElo "2856"]
[PlyCount "87"]
[EventDate "2022.10.03"]
[EventType "team-swiss"]
[EventRounds "7"]
[EventCountry "AUT"]
[SourceTitle "EXT 2023"]
[Source "ChessBase"]
[SourceDate "2022.10.05"]
[SourceVersion "1"]
[SourceVersionDate "2022.10.05"]
[SourceQuality "1"]
[WhiteTeam "Vammalan Shakkikerho"]
[BlackTeam "Offerspill"]
[WhiteTeamCountry "FIN"]
[BlackTeamCountry "NOR"]

1. d4 Nf6 2. c4 e6 3. Nf3 d5 4. g3 Bb4+ 5. Bd2 Be7 6. Bg2 c6 7. Qc2 O-O 8. O-O b6 9. Bf4 Ba6 10. cxd5 cxd5 11. Rc1 Nbd7 12. Nc3 Nh5 13. Qa4 Nxf4 14. Qxa6 Nxg2 15. Kxg2 Qc8 16. Qxc8 Rfxc8 17. Nb5 Rd8 18. Nc7 Rab8 19. Rc6 $146 ({RR} 19. a4 Rb7 20. Rc3 Bd6 21. Rac1 Kf8 22. Ne1 Ke7 23. Nd3 f6 24. Nb5 Nb8 25. b4 a6 26. Nxd6 Rxd6 27. b5 axb5 28. axb5 Rd8 29. Nb4 Re8 30. Rc8 Kd7 31. Rxe8 Kxe8 32. Rc8+ Kd7 33. Rh8 h6 {Saduakassova,D (2495)-Bhambure,S (2194) Abu Dhabi 2018 1-0 (44)}) 19... Rb7 20. Na6 g5 21. Rac1 g4 22. Ne1 Nf6 23. Nd3 Bd6 24. Rc8 Rxc8 25. Rxc8+ Kg7 26. h3 h5 27. hxg4 hxg4 28. Nab4 a5 29. Nc6 Nd7 30. a4 Kf6 31. f3 gxf3+ 32. exf3 Kg7 33. Kf2 Nf6 34. g4 Rc7 35. Rxc7 Bxc7 36. Ke3 Ne8 37. Na7 Bb8 38. Nb5 Nf6 39. b3 Nd7 40. f4 Nf6 41. Nf2 Ng8 42. Nd3 Nf6 43. Nf2 Ng8 44. Nd3 1/2-1/2

[Event "FIDE World Cup"]
[Site "Krasnaya Polyana"]
[Date "2021.07.22"]
[Round "4.1"]
[White "Wojtaszek, Radoslaw"]
[Black "Carlsen, Magnus"]
[Result "1/2-1/2"]
[WhiteElo "2691"]
[BlackElo "2847"]
[PlyCount "70"]
[EventDate "2021.07.12"]
[EventType "k.o."]
[EventRounds "8"]
[EventCountry "RUS"]
[SourceTitle "CBM 203"]
[Source "ChessBase"]
[SourceDate "2021.08.31"]
[SourceVersion "1"]
[SourceVersionDate "2021.08.31"]
[SourceQuality "1"]

1. d4 Nf6 2. c4 e6 3. g3 d5 4. Bg2 Be7 5. Nf3 O-O 6. O-O a5 7. Qc2 c6 8. Nbd2 b6 9. e4 Bb7 10. Rd1 Na6 ({RR} 10... Ra7 11. e5 Nfd7 12. cxd5 cxd5 13. Nf1 Nc6 14. Bf4 Nb4 15. Qd2 a4 16. h4 a3 17. b3 Ba6 18. Bg5 Bxg5 19. hxg5 Qe7 20. Rdc1 Rc8 21. Rxc8+ Bxc8 22. Rc1 Ba6 23. Ne3 Nf8 24. Ng4 Ra8 25. Bf1) 11. e5 Nd7 12. cxd5 ({RR} 12. a3 c5 13. cxd5 Bxd5 14. Ne4 h6 15. Qe2 cxd4 16. Nxd4 Nxe5 17. Nc3 Bxg2 18. Qxe5 Bf6 19. Qe3 Bd5 20. Nxd5 Qxd5 21. Qf3 Rfd8 22. Be3 Qxf3 23. Nxf3 Bxb2 24. Rxd8+ Rxd8 25. Rb1 Bxa3 26. Rxb6 Nb4 {Federer,C (2300)-Brkic,A (2578) chess.com INT 2025 0-1 (54)}) ({RR} 12. h4 c5 13. dxc5 Naxc5 14. b3 Rc8 15. Bb2 Qc7 16. Rac1 Rfd8 17. Nf1 dxc4 18. bxc4 Bxf3 19. Bxf3 Nxe5 20. Bxe5 Qxe5 21. Rxd8+ Rxd8 22. Rd1 Rxd1 23. Qxd1 Qc7 24. Ne3 Nd7 25. Qa4 Bc5 26. Nf1 Kf8) 12... Nb4 $146 ({RR} 12... cxd5 13. a3 b5 14. Nf1 Qb6 15. Qe2 Rfc8 16. h4 b4 17. Ne3 bxa3 18. bxa3 Rc3 19. Ng4 Rac8 20. Ne3 a4 21. Qa2 f6 22. exf6 Bxf6 23. Bb2 Rb3 24. Rab1 Qd6 25. Nd2 Rb6 26. Ba1 Nab8 27. Nc2 {Sioutis,A (1816)-Antonioudakis,G (1990) Trikala GRE 2024 ½-½ (102)}) ({RR} 12... cxd5 13. a3 b5 14. Nf1 Qb6 15. Qe2 Rfc8 16. h4 b4 17. Ne3 bxa3 18. bxa3 Rc3 19. Ng4 Rac8 20. Ne3 a4 21. Qa2 f6 22. exf6 Bxf6 23. Bb2 Rb3 24. Rab1 Qd6 25. Nd2 Rb6 26. Ba1 Nab8) 13. Qb1 cxd5 14. Nf1 Ba6 15. Ne3 Rc8 16. a3 Nc6 17. b3 b5 18. h4 b4 19. a4 Be2 20. Rd2 Bxf3 21. Bxf3 f6 22. Bg4 f5 23. Nxf5 exf5 24. Bxf5 Bxh4 25. gxh4 Qxh4 26. Be6+ Kh8 27. Qd3 Ndxe5 28. dxe5 Nxe5 29. Qxd5 Nf3+ 30. Qxf3 Rxf3 31. Bxc8 Rf8 32. Bb7 Qf6 33. Rda2 Qf7 34. Bg2 Qxb3 35. Be3 Rd8 1/2-1/2

[Event "Troll Masters"]
[Site "Gausdal"]
[Date "2003.01.14"]
[Round "9"]
[White "Leer Salvesen, Bjarte"]
[Black "Carlsen, Magnus"]
[Result "0-1"]
[WhiteElo "2329"]
[BlackElo "2279"]
[PlyCount "66"]
[EventDate "2003.01.07"]
[EventType "swiss"]
[EventRounds "10"]
[EventCountry "NOR"]
[SourceTitle "CBM 092 Extra"]
[Source "ChessBase"]
[SourceDate "2003.03.07"]
[SourceVersion "1"]
[SourceVersionDate "2003.03.07"]
[SourceQuality "1"]

1. c4 {So,Wesley} ({RR} 1. e4 c5 2. Nf3 d6 3. d4 cxd4 4. Nxd4 Nf6 5. Nc3 a6) 1... Nf6 2. g3 e6 3. Bg2 d5 4. Nf3 Be7 ({RR} 4... dxc4 5. Qa4+ Bd7 6. Qxc4 c5 7. Ne5 Qc8 8. d3 Nc6 9. Nxd7 Qxd7 10. Nd2) 5. O-O O-O 6. Qc2 c5 7. d4 Nc6 ({RR} 7... cxd4 8. Nxd4 e5 9. Nf5 d4 10. Nxe7+ Qxe7) 8. dxc5 d4 9. Rd1 ({RR} 9. a3 a5 ({RR} 9... e5 10. b4 e4 11. Ng5 d3 12. exd3 Nd4 13. Qb2 exd3 14. Nc3) 10. Rd1 e5 ({RR} 10... Bxc5 11. Nc3 Qe7 12. Na4 e5 13. Bg5 Ba7) 11. Nc3 Bxc5 ({RR} 11... Nd7 12. Nd5 Nxc5 13. b3 Be6 14. Rb1) 12. Nd5 h6 ({RR} 12... Ng4) 13. Bd2 a4 ({RR} 13... Bg4 14. b4 ({RR} 14. h3 Bh5 15. Nxe5 Nxe5 16. Qf5 Bxe2) 14... axb4 15. axb4 d3 16. Qxd3 Rxa1 17. Rxa1 e4) ({RR} 13... Ng4) 14. Bb4 Nxb4 ({RR} 14... Bd6 15. Bxd6 Qxd6 16. Nb6 ({RR} 16. Rac1 Nd7) 16... Ra5 17. Nxa4 e4 18. c5 Qd8 19. Ne1 d3 20. exd3 Nd4 21. Qc4 Be6) ({RR} 14... Nd7 15. e3) 15. axb4 Nxd5 16. bxc5 ({RR} 16. cxd5 Bd6 17. Rxa4 Bd7 18. Rxa8 Qxa8) 16... Nb4 17. Qd2 Nc6 18. b4 Qe7 ({RR} 18... Be6 19. b5 ({RR} 19. e3 Bxc4 20. exd4 e4 21. Ne5 Nxe5 22. dxe5 Bd3) 19... Na5 20. Qb4 ({RR} 20. Rxa4 Nxc4 21. Rxa8 Qxa8 22. Qb4 Qa2) ({RR} 20. Nxe5 Nb3 21. Qb4 ({RR} 21. Qf4 Nxc5 22. Rxd4 Qa5) 21... Nxa1 22. Rxa1 Qe7) 20... Nxc4 ({RR} 20... Nb3 21. Ra3) 21. Rac1 Na5 22. Nxe5 ({RR} 22. c6 bxc6 23. Nxe5 cxb5 24. Bxa8 Qxa8 25. Qxb5 a3) 22... Nb3 23. Bxb7 Nxc1 24. Rxc1 Qa5 25. Qa3 Qxb5 26. Bxa8 Rxa8 27. Nf3 Qb3 28. Qxb3 axb3 29. Rb1) 19. Qb2 Bg4 20. Re1 ({RR} 20. b5 Nd8 21. Qa3 Re8) 20... Rfd8 ({RR} 20... Bxf3 21. exf3 Qe6 22. Bf1 Qf5 23. Ra3) 21. Nd2 Be6 ({RR} 21... d3 22. e3) 22. b5 Nb8 ({RR} 22... Na5 23. Rxa4 Qxc5 24. Qa2) 23. Qb4 f5 {So,W (2808)-Wojtaszek,R (2750) Wijk aan Zee 2017 CBM 177 [So,Wesley] 1-0 (34)} ({RR} 23... a3 24. Nb3 a2 25. Na5) {RR} 24. Rxa4 Rxa4 25. Qxa4 Qxc5 26. Bxb7 e4) ({RR} 9. Bg5 Nd7 10. Bxe7 Qxe7 11. b4 Nxb4 12. Qb2 Nc6 13. Nxd4 Nxd4 14. Qxd4 Nxc5 15. Nd2 Rd8 16. Qe3 Rb8 17. Nb3 b6 18. Rfd1 Ba6 19. Nd4 Bb7 20. Bxb7 Qxb7 21. Nb3 Qc7 22. Nxc5 Qxc5 23. Qxc5 bxc5) ({RR} 9. a3 a5 10. Rd1 e5 11. Nc3 h6 12. Nd5 Bxc5 13. e4 a4 14. Bd2 Bg4 15. h3 Bh5 16. Re1 Nd7 17. Nh4 Re8 18. b4 axb3 19. Qxb3 b6 20. Nf5 Kh7 21. Reb1 Bg6 22. Qf3 Na5 23. Bf1 Re6 {Fridman,D (2582)-Van Haastert,E (2409) Netherlands NED 2025 ½-½ (42)}) 9... e5 10. Nbd2 $146 ({RR} 10. Bg5 Nd7 11. Bxe7 Qxe7 12. a3 a5 13. Nbd2 Nxc5 14. Ne1 Bg4 15. Bf3 d3 16. exd3 Nd4 17. Qb1 Nxf3+ 18. Ndxf3 Nb3 19. Ra2 Rad8 20. a4 Qf6 21. Ra3 Nd4 22. Nxd4 Bxd1 23. Qxd1 Rxd4 24. Qe2 e4 {Nakamura,H (2792)-Dominguez Perez,L (2739) Saint Louis 2017 0-1 (43)}) 10... Bxc5 11. Nb3 Be7 12. h3 Be6 13. Ng5 Nb4 14. Nxe6 Nxc2 15. Nxd8 Nxa1 16. Nxb7 Nxb3 17. axb3 a5 18. Bg5 a4 19. bxa4 Rxa4 20. c5 Rc4 21. c6 Rc2 22. Rd2 Rc1+ 23. Kh2 h6 24. Bxf6 gxf6 25. Be4 Rc8 26. g4 Bb4 27. Rd3 Re1 28. Bf3 Re8 29. Rb3 Bf8 30. Be4 Rxe2 31. Bf5 e4 32. c7 d3 33. Nd8 Bd6+ 0-1

[Event "Schwarzach op-A 18th"]
[Site "Salzburg"]
[Date "2003.08.30"]
[Round "8.2"]
[White "Hertneck, Gerald"]
[Black "Carlsen, Magnus"]
[Result "1/2-1/2"]
[WhiteElo "2524"]
[BlackElo "2385"]
[PlyCount "94"]
[EventDate "2003.08.23"]
[EventType "swiss"]
[EventRounds "9"]
[EventCountry "AUT"]
[SourceTitle "EXT 2004"]
[Source "ChessBase"]
[SourceDate "2003.11.25"]
[SourceVersion "1"]
[SourceVersionDate "2003.11.25"]
[SourceQuality "1"]

1. c4 e6 2. d4 Nf6 3. Nf3 b6 4. g3 Ba6 5. Nbd2 Bb7 6. Bg2 d5 7. cxd5 exd5 8. O-O Be7 9. Ne5 ({RR} 9. Nb1 Ne4 10. Nc3 Nxc3 11. bxc3 Nd7 12. Qc2 O-O 13. c4 Nf6 14. Ne5 c5 15. dxc5 Bxc5 16. Rd1 Qc7 17. Bf4 Bd6 18. Nd3 Bxf4 19. Nxf4 dxc4 20. Bxb7 Qxb7 21. Qxc4 b5 22. Qd4 Rab8 23. Rac1 h6 {Prieto Aranguren,A (2279)-Canteli Martinez,D (1989) Gijon ESP 2025 ½-½ (50)}) 9... O-O 10. b3 Nbd7 $146 ({RR} 10... c5 11. Bb2 Na6 12. Rc1 Re8 13. Nd3 Bd6 14. Re1 Qe7 15. dxc5 Nxc5 16. Nf3 Ne6 17. Nd4 Nxd4 18. Bxd4 Ne4 19. e3 Rac8 20. Qg4 f6 21. Nf4 Qf7 22. Red1 Bc5 23. Bxc5 {½-½ (23) Boensch,U (2540)-Huebner,R (2640) Germany 2002}) 11. Bb2 c5 12. Ndc4 cxd4 13. Bxd4 Nc5 14. Ne3 Ne6 15. Bb2 Ne4 16. Rc1 Bg5 17. f4 Be7 18. Nf5 Bc5+ 19. e3 f6 20. Nd3 g6 21. Nh6+ Kg7 22. Ng4 h5 23. Bxe4 dxe4 24. Nxc5 Nxc5 25. Nxf6 Rxf6 26. Qxd8 Rxd8 27. b4 Na6 28. Rfd1 Rd3 29. a3 Kf7 30. Rxd3 exd3 31. Bxf6 Kxf6 32. Kf2 Kf5 33. Rc4 Be4 34. h3 d2 35. Rd4 Nc7 36. Rxd2 Nd5 37. Rd4 Nf6 38. b5 Bd5 39. Ra4 Ne4+ 40. Ke1 Nc5 41. Rxa7 Ke4 42. Rg7 Kxe3 43. Rxg6 Bc4 44. Rxb6 Nd3+ 45. Kf1 Ne5+ 46. Ke1 Nd3+ 47. Kf1 Ne5+ 1/2-1/2

[Event "Tata Steel-A 78th"]
[Site "Wijk aan Zee"]
[Date "2016.01.23"]
[Round "7"]
[White "Eljanov, Pavel"]
[Black "Carlsen, Magnus"]
[Result "0-1"]
[WhiteElo "2760"]
[BlackElo "2844"]
[PlyCount "68"]
[EventDate "2016.01.16"]
[EventType "tourn"]
[EventRounds "13"]
[EventCountry "NED"]
[EventCategory "20"]
[SourceTitle "CBM 171"]
[Source "ChessBase"]
[SourceDate "2016.03.14"]
[SourceVersion "2"]
[SourceVersionDate "2016.03.14"]
[SourceQuality "1"]

1. d4 Nf6 2. c4 e6 3. Nf3 d5 4. g3 Bb4+ 5. Bd2 Be7 6. Bg2 O-O 7. O-O Nbd7 8. Qc2 Ne4 9. Bf4 c6 10. Nc3 g5 11. Be3 Nd6 12. b3 ({RR} 12. cxd5 cxd5 13. Rad1 b5 14. Ne5 Bb7 15. f4 Rc8 16. Qd3 b4 17. Nb1 f5 18. Nxd7 Qxd7 19. fxg5 Qa4 20. Bf4 Ne4 21. Nd2 Rc2 22. g4 Rxb2 23. gxf5 exf5 24. Nxe4 dxe4 25. Qc4+ Rf7 26. Rd2 Rxd2 {Shafigullina,Z (2153)-Karmanova,O (2323) Lipetsk RUS 2025 0-1 (49)}) 12... Nf5 13. g4 $146 ({RR} 13. Bd2 g4 14. Ne1 Nxd4 15. Qd1 Bf6 16. e3 Nf3+ 17. Nxf3 gxf3 18. Qxf3 dxc4 19. Qg4+ Bg7 20. Qxc4 Ne5 21. Qe2 Qd3 22. Qe1 Rd8 23. Rd1 Bd7 24. f4 Ng4 25. Be4 Qa6 26. Bf3 Nf6 27. e4 Be8 {Van Foreest,L (2563)-Ochsner,B (2496) Kragero 2022 1-0 (37)}) ({RR} 13. Bd2 g4 14. Ne1 Nxd4 15. Qd1 Bf6 16. e3 Nf3+ 17. Nxf3 gxf3 18. Qxf3 Bg7 19. Qe2 b6 20. e4 Ba6 21. exd5 cxd5 22. Rac1 Rc8 23. Rfd1 Qf6 24. Qh5 Nc5 25. cxd5 Bd3 26. Bg5 Qe5 27. Qh4 Bg6 {Grischuk,A (2766)-Nakamura,H (2754) Paris 2019 1-0 (81)}) ({RR} 13. Bd2 g4 14. Ne1 Nxd4 15. Qd1 Bf6 16. e3 Nf5 17. Qxg4+ Bg7 18. cxd5 Nf6 19. Qd1 exd5 20. Rc1 Re8 21. Nf3 Nd6 22. Ne2 Nfe4 23. Be1 a5 24. Nfd4 a4 25. Nf4 axb3 26. axb3 Nf5 27. Nxf5 Bxf5 {Khusenkhojaev,M (2293)-Mosadeghpour,M (2484) Korumdu KGZ 2023 0-1 (45)}) 13... Nxe3 14. fxe3 b5 15. e4 b4 16. exd5 bxc3 17. dxc6 Nb8 18. Qe4 f5 19. gxf5 exf5 20. Qd5+ Qxd5 21. cxd5 Na6 22. Rac1 Nc7 23. Ne5 f4 24. Nc4 Rd8 25. Rxc3 Nxd5 26. c7 Nxc7 27. Bxa8 Nxa8 28. e3 Bb4 29. Rc2 Bb7 30. h4 Be4 31. Rh2 Nb6 32. Ne5 fxe3 33. hxg5 Rxd4 34. Ng4 Nd5 0-1

[Event "Bilbao Masters 9th"]
[Site "Bilbao"]
[Date "2016.07.19"]
[Round "6"]
[White "Nakamura, Hikaru"]
[Black "Carlsen, Magnus"]
[Result "1/2-1/2"]
[WhiteElo "2787"]
[BlackElo "2855"]
[PlyCount "64"]
[EventDate "2016.07.13"]
[EventType "tourn"]
[EventRounds "10"]
[EventCountry "ESP"]
[EventCategory "22"]
[SourceTitle "CBM 174"]
[Source "ChessBase"]
[SourceDate "2016.09.13"]
[SourceVersion "1"]
[SourceVersionDate "2016.09.13"]
[SourceQuality "1"]

1. d4 Nf6 2. c4 e6 3. Nf3 d5 4. g3 Be7 5. Bg2 O-O 6. Qc2 c6 7. O-O b6 8. Rd1 Bb7 9. b3 Nbd7 10. Nc3 Rc8 11. e4 c5 12. dxc5 dxc4 13. b4 a5 14. a3 axb4 15. axb4 bxc5 16. b5 Qc7 17. Bf4 $146 ({RR} 17. h3 Rfd8 18. Be3 Ra8 19. Rxa8 Bxa8 20. Bf4 e5 21. Be3 Nb6 22. Rxd8+ Bxd8 23. Nd2 Ne8 24. Qa2 Nd6 25. Qa3 Be7 26. Bf1 h6 27. Bxc4 Bg5 28. Bxg5 hxg5 29. Bf1 c4 30. Qb4 g6 31. f3 Kg7 {Nyzhnyk,I (2499)-Aghasaryan,R (2249) Moscow 2009 ½-½ (32)}) 17... e5 18. Bg5 Nb6 19. Nd2 Rfd8 20. Bxf6 Bxf6 21. Nd5 Bxd5 22. exd5 e4 23. Rab1 Rxd5 24. Nxc4 Rd4 25. Nxb6 Qxb6 26. Bxe4 Rxd1+ 27. Rxd1 Qxb5 28. Bxh7+ Kf8 29. Bf5 Rd8 30. Rxd8+ Bxd8 31. Qd3 Qxd3 32. Bxd3 Bf6 1/2-1/2

[Event "Grenke Chess Classic 5th"]
[Site "Karlsruhe/Baden-Baden"]
[Date "2018.04.05"]
[Round "5"]
[White "Meier, Georg"]
[Black "Carlsen, Magnus"]
[Result "1/2-1/2"]
[WhiteElo "2648"]
[BlackElo "2843"]
[PlyCount "85"]
[EventDate "2018.03.31"]
[EventType "tourn"]
[EventRounds "9"]
[EventCountry "GER"]
[EventCategory "20"]
[SourceTitle "CBM 184"]
[Source "ChessBase"]
[SourceDate "2018.05.16"]
[SourceVersion "1"]
[SourceVersionDate "2018.05.16"]
[SourceQuality "1"]

1. d4 Nf6 2. c4 e6 3. Nf3 d5 4. g3 Bb4+ 5. Bd2 Be7 6. Bg2 O-O 7. O-O Nbd7 8. Qc2 c6 9. Bf4 Ne4 10. h4 Ndf6 ({RR} 10... h6 11. Nc3 f5 12. Nxe4 fxe4 13. Ne5 Nxe5 14. Bxe5 Bf6 15. f3 Bxe5 16. dxe5 Qb6+ 17. Kh2 Bd7 18. fxe4 Qc5 19. Qb3 Qxc4 20. Qxb7 Rfd8 21. Rf4 Qxe2 22. Raf1 Qh5 23. Qc7 d4 24. Bf3 Qg6 25. Be2 {Xiong,J (2663)-Le,Q (2715) Saint Louis 2019 1-0 (51)}) ({RR} 10... h6 11. Nc3 g5 12. Be3 Nd6 13. b3 f5 14. hxg5 hxg5 15. Ne5 Nxe5 16. dxe5 Nf7 17. f4 d4 18. Rad1 c5 19. Bc1 Qc7 20. Na4 Bd7 21. Nb2 Kg7 22. e4 dxe3 23. Bxe3 Rh8 24. fxg5 Rag8 25. Qd2 {Karpenko,A (2218)-Hayrapetyan,E (2161) Pozarevac SRB 2025 ½-½ (43)}) 11. Nbd2 Nxd2 12. Nxd2 Nh5 13. Be3 $146 ({RR} 13. e3 h6 14. Bf3 Nxf4 15. exf4 dxc4 16. Qxc4 Bf6 17. Nb3 a5 18. Rfd1 Qb6 19. Nc5 Rd8 20. Rd2 Qb4 21. Qxb4 axb4 22. b3 Rxd4 23. Rad1 Rxd2 24. Rxd2 Kf8 25. Ne4 Ke7 26. h5 Bc3 27. Nxc3 bxc3 {Chatterjee,D (2250)-Zia,T (2080) Dhaka 2019 0-1 (50)}) 13... f5 14. Bf3 Qe8 15. Bg5 Nf6 16. e3 b6 17. Rac1 Ba6 18. a3 Ne4 19. Bxe7 Qxe7 20. Be2 Bb7 21. b4 Rac8 22. c5 e5 23. dxe5 Qxe5 24. Nxe4 fxe4 25. Qc3 Qf5 26. a4 g5 27. hxg5 Qxg5 28. Kg2 Rc7 29. Rh1 Rg7 30. Rcg1 Qf5 31. Rf1 Ba6 32. b5 cxb5 33. Rh5 Qf7 34. Qe5 Bb7 35. cxb6 bxa4 36. bxa7 Ba8 37. Rg5 Qxa7 38. Bg4 Kh8 39. Ra1 Qe7 40. Qxg7+ Qxg7 41. Rxg7 Kxg7 42. Rxa4 Bc6 43. Rb4 1/2-1/2

[Event "NOR-chT2"]
[Site "Oslo"]
[Date "2006.06.09"]
[Round "3"]
[White "Carlsen, Magnus"]
[Black "Leer Salvesen, Bjarte"]
[Result "1-0"]
[WhiteElo "2646"]
[BlackElo "2372"]
[PlyCount "61"]
[EventDate "2006.06.07"]
[EventType "team"]
[EventRounds "5"]
[EventCountry "NOR"]
[SourceTitle "CBM 112 Extra"]
[Source "ChessBase"]
[SourceDate "2006.07.14"]
[SourceVersion "1"]
[SourceVersionDate "2006.07.14"]
[SourceQuality "1"]

1. d4 e6 2. c4 d5 3. Nf3 c6 4. Qc2 Nf6 5. Nbd2 Nbd7 6. g3 Be7 7. Bg2 O-O 8. O-O b6 9. e4 Bb7 10. e5 Ne8 11. cxd5 cxd5 12. Re1 Rc8 13. Qa4 a5 14. Nf1 Ba6 15. Qd1 ({RR} 15. Bd2 Rc4 16. Qd1 b5 17. Ne3 Rc8 18. h4 Qb6 19. h5 b4 20. h6 g6 21. Ng4 Qb5 22. a4 bxa3 23. bxa3 a4 24. Rb1 Qc6 25. Bb4 Bxb4 26. Rxb4 Bb5 27. Ng5 Qa6 28. Qd2 Bd3 29. Bf1 Bxf1 {Batsuren,D (2531)-Mohammadi,S (1971) Charlotte USA 2025 1-0 (47)}) 15... b5 ({RR} 15... Bb4 16. Bg5 Qc7 17. Rc1 Qb8 18. Rxc8 Qxc8 19. Re3 h6 20. a3 hxg5 21. axb4 g4 22. Ng5 axb4 23. Qxg4 Qc2 24. Qh5 Nef6 25. exf6 Nxf6 26. Qh4 Qxb2 27. g4 Re8 28. Rh3 Kf8 29. Qh8+ Ng8 30. Rf3 {Ulybin,M (2552)-Leer Salvesen,B (2360) Stockholm 2011 1-0 (31)}) 16. h4 b4 17. Ng5 $146 ({RR} 17. Bg5 Nb6 18. Bxe7 Qxe7 19. Ng5 h6 20. Nh3 Nc7 21. Nf4 Nb5 22. Nh5 Kh8 23. Qg4 g6 24. Nf6 Nd7 25. Qf4 Kg7 26. Nxd7 Qxd7 27. Ne3 Qe7 28. Bf1 g5 29. Qg4 f5 30. exf6+ Qxf6 31. f4 Rc6 {Karthikeyan,P (2481)-Mohannad,F (2219) Dubai 2018 ½-½ (37)}) 17... Qc7 18. Ne3 Bxg5 19. hxg5 Qb6 20. Bf1 Bxf1 21. Kxf1 f5 22. exf6 gxf6 23. Ng4 Rc4 24. Be3 fxg5 25. Kg2 e5 26. b3 Rc3 27. dxe5 d4 28. Bxd4 Qc6+ 29. Kg1 Rcf3 30. e6 Ndf6 31. Ne5 1-0

[Event "NOR-ch playoff"]
[Site "Oslo"]
[Date "2004.09.05"]
[Round "2"]
[White "Ostenstad, Berge"]
[Black "Carlsen, Magnus"]
[Result "1/2-1/2"]
[WhiteElo "2482"]
[BlackElo "2567"]
[PlyCount "71"]
[EventDate "2004.09.04"]
[EventType "match"]
[EventRounds "2"]
[EventCountry "NOR"]
[SourceTitle "CBM 102 Extra"]
[Source "ChessBase"]
[SourceDate "2004.11.03"]
[SourceVersion "1"]
[SourceVersionDate "2004.11.03"]
[SourceQuality "1"]

1. c4 e6 2. Nf3 d5 3. g3 Nf6 4. Bg2 Be7 5. O-O O-O 6. d4 c6 7. Nbd2 Nbd7 8. Qc2 b5 9. c5 a5 10. e4 b4 11. e5 Ne8 12. Re1 Nc7 13. Nf1 Ba6 14. h4 Qb8 ({RR} 14... f5 15. exf6 Bxf6 16. Bf4 Re8 17. N1h2 Nb5 18. Rad1 Qe7 19. Ng4 Qf7 20. Bf1 Qh5 21. Bh3 Bxd4 22. Nge5 Bxe5 23. Rxe5 Qxf3 24. Bxe6+ Rxe6 25. Rxe6 Nxc5 26. Rxc6 Re8 27. Rxc5 Nd4 28. Qd2 Ne2+ 29. Kh2 {Iturrizaga Bonelli,E (2617)-Andreikin,D (2729) chess.com INT 2023 0-1}) 15. N1h2 Qb5 16. Bf1 Qb7 17. Bh3 $146 ({RR} 17. Bg5 Rfe8 18. Bh3 Bxg5 19. Nxg5 Nf8 20. f4 h6 21. Ngf3 a4 22. Qd2 Reb8 23. h5 a3 24. b3 Qb5 25. Re3 Qa5 26. g4 Nb5 27. Kh1 Nc3 28. Rg1 Ne4 29. Qc2 g5 30. hxg6 Nxg6 31. Rxe4 dxe4 {Kashtanov,R (2377)-Kaunas,K (2156) Panevezys 2017 1-0 (43)}) 17... a4 18. Bg5 b3 19. axb3 axb3 20. Qb1 Rfe8 21. Bxe7 Rxe7 22. Ng5 Nf8 23. Ng4 Ne8 24. Qd1 Bc4 25. Rxa8 Qxa8 26. Ne3 Qa4 27. Qd2 Ra7 28. Nxc4 Qxc4 29. Bf1 Qa4 30. Re3 Nc7 31. Nf3 Nb5 32. Qd1 h6 33. Kg2 Ra8 34. Bxb5 Qxb5 35. Qxb3 Rb8 36. Qxb5 1/2-1/2